• 首页
  • 本馆介绍
  • 公告通知
  • 最新文献
  • 馆藏检索
  • 电子资源
  • 读者导购
  • 参考咨询
  • 我的图书馆
  • 登录
  • 详细信息显示
  • 放入我的书架
  • 预约/预借图书
  • 作者相关作品
  • 分类相关作品
  • 丛书相关作品
  • 出版社相关作品

书目信息

  • 表格格式
  • 工作单格式
  • 卡片格式
题名:
罪恶的黑奴贩卖
    
 
作者: 吴秉真 著
分册:  
出版信息: 北京   商务印收馆  1984
页数: 54页
开本: 19cm
丛书名:
单 册:
中图分类: K404
科图分类:
主题词: 奴隶贸易--非洲
电子资源:
ISBN:
000 00613nam0 2200217 45
001 0184012380
005 20051214085343.96
010    @dCNY0.18
100    @a19950622d1984 em y0chiy0121 ea
101 0  @achi
102    @aCN@b110000
105    @ay z 000yy
200 10 @a罪恶的黑奴贩卖@Azui e de hei nu fan mai@e非洲大地上的四百年浩劫@f吴秉真著@Fwu bing zhen zhu
210    @a北京@c商务印收馆@d1984
215    @a54页@d19cm
606    @a奴隶贸易@y非洲
690    @aK404@v3
701  0 @a吴秉真@Awu bing zhen@4著
801  2 @aCN@bNLC@c20051214
801  0 @aCN@b上海图书馆@c20040512
905    @f1@b113355@dK404@e4
    
    罪恶的黑奴贩卖:非洲大地上的四百年浩劫/吴秉真著.-北京:商务印收馆,1984
    54页;19cm
    
    
    ISBN :CNY0.18
    
●
相关链接 在E读中查询图书 在五车中查询图书 在当当中查询图书 在豆瓣中查询图书


正题名:罪恶的黑奴贩卖     索取号:K404/4         预约/预借

序号 登录号 条形码 馆藏地/架位号 状态 备注
1 0113355   000359873   第二借阅区/ [索取号:K404/4] 在馆    
2 0113356   202162907   密集书库/ [索取号:K404/4] 在馆    
3 0113357   000359864   第二样本阅览室/ [索取号:K404/4] 在馆    
唐山师范学院图书馆 欢迎您!
大连网信软件有限公司© 版权所有